00529nam a22001697a 450000500170000001000150001702000260003203500140005803700130007208200110008510000230009624500570011926000340017627001060021030000220031650000210033820180423145830.0 aENG-122779 a9789382420774c995.00 aEN-106311 bDBAD/PUB00a954.08 aPalit, Chittabrata10aThe history of british india /cby Chittabrata Palit aNew Delhi bKunal Booksc2018 a4648/21, First Floor, Ansari Road, DaryaganjbNew Delhi e110002k011-23275069mkunalbooks@gmail.com a350p.c22 cm.(Hb) aIt include index